Estadísticas para Estaciones más antiguas del metro de Madrid

Haz click aquí para intentar la prueba.

Estadísticas generales

  • Esta prueba ha sido intentada 125 veces
  • La puntuación promedio es 18 de 32

Estadísticas de respuestas

Año de inauguraciónEstación de metro% Correcto
1919Sol
98%
1919Gran Vía
85%
1919Cuatro Caminos
75%
1921Estación del Arte (Atocha)
75%
1919Iglesia
74%
1919Tribunal
71%
1919Bilbao
68%
1924Retiro
67%
1925Ópera
66%
1924Sevilla
64%
1921Tirso de Molina
64%
1919Ríos Rosas
61%
1921Antón Martín
58%
1924Banco de España
58%
1924Goya
58%
1936Lavapiés
55%
1925Quevedo
52%
1923Puente de Vallecas
51%
1929Tetuán
51%
1923Pacífico
49%
1923Menendez Pelayo
48%
1925Noviciado
48%
1936Embajadores
47%
1924Ventas
46%
1925Santo Domingo
44%
1929Estrecho
43%
1925San Bernardo
43%
1929Alvarado
41%
1924Príncipe de Vergara
40%
1924Manuel Becerra
37%
1932Lista
29%
1932Diego de León
24%

Distribución de puntuación

Porcentaje por número respondido

Porcentaje de gente con cada puntuación

Historial de tus puntuaciones

No has intentado esta prueba.